|
|
|
|
| LEADER |
00000nam0a2200000 4500 |
| 001 |
312245 |
| 005 |
20231102002451.0 |
| 035 |
|
|
|a (RuTPU)RU\TPU\book\337613
|
| 090 |
|
|
|a 312245
|
| 100 |
|
|
|a 20151218d1978 km y0rusy50 ca
|
| 101 |
0 |
|
|a rus
|
| 102 |
|
|
|a RU
|
| 105 |
|
|
|a y e 001zy
|
| 200 |
1 |
|
|a Математический словарь средней школы
|f В. Т. Воднев, А. Ф. Наумович
|g под ред. Ю. С. Богданов
|
| 205 |
|
|
|a 2-е изд., перераб. и доп.
|
| 210 |
|
|
|a Минск
|c Изд-во БГУ
|d 1978
|
| 215 |
|
|
|a 176 с.
|
| 320 |
|
|
|a Имен. указ.: с. 160-164
|
| 320 |
|
|
|a Предм. указ.: с. 165-175
|
| 606 |
1 |
|
|a Математика
|2 stltpush
|3 (RuTPU)RU\TPU\subj\67327
|9 83171
|
| 610 |
1 |
|
|a словари
|
| 610 |
1 |
|
|a термины
|
| 610 |
1 |
|
|a определения
|
| 610 |
1 |
|
|a математические символы
|
| 610 |
1 |
|
|a геометрия
|
| 675 |
|
|
|a 51(035)
|v 4
|
| 700 |
|
1 |
|a Воднев
|b В. Т.
|g Владимир Трофимович
|
| 701 |
|
1 |
|a Наумович
|b А. Ф.
|g Адольф Федорович
|
| 702 |
|
1 |
|a Богданов
|b Ю. С.
|4 340
|
| 801 |
|
1 |
|a RU
|b 63413507
|c 20151218
|
| 801 |
|
2 |
|a RU
|b 63413507
|c 20191007
|g RCR
|
| 942 |
|
|
|c BK
|